Normal view
MARC view
- Benavente, Jacinto,
Entry Nombre Personal
001 - NUMERO DE CONTROL
- campo de control: 32023
003 - IDENTIFICADOR DE NUMERO DE CONTROL
- campo de control: UPN
005 - FECHA Y HORA DE LA ÜLTIMA TRANSACCIÓN
- campo de control: 20210219194429.0
008 - DATOS DE LONGITUD FIJA
- campo de control de longitud fija: nabaccnnaabn|||||||||| b |nc|||||d
035 ## - NUMERO DE CONTROL
- Número de control: UPN11000004129
040 ## - FUENTE DE CATALOGACIÓN
- Lenguaje de catalogación: SPA
- Agencia de transcripción: UPN
053 #4 - NÚMERO DE CLASIFICACIÓN LC
- Número de clasificación elemento-número único o número inicial de tramo: PQ6603 E6
100 1# - ENCABEZAMIENTO - NOMBRE PERSONAL
- Nombre personal: Benavente, Jacinto,
- Fechas asociadas con el nombre: 1866-1954
670 ## - FUENTE EN LA QUE SE LOCALIZARON DATOS
- Cita de la fuente: LC
680 ## - NOTA PUBLICA DE ACCESO PÚBLICO
- Frase explicativa de la referencia: Dramaturgo, director, guionista y productor de cine español
902 ## - CATALOGADOR
- Catalogador: CAA/200412
